000 00333nam a22001337a 4500
005 20160315095748.0
008 080215s2008 nyua 001 0 eng
020 _a9780071549677
020 _a0071549676
041 0 _aeng
080 _a004
245 1 0 _aHow to do everything :
_cJesse Feiler.
942 _2udc
_cBK
999 _c595
_d595